La proiezione della Costituzione sull’ordinamento giuridico

Detalles Bibliográficos
Autor principal: Balaguer Callejn̤, Francisco
Formato: eBook
Lenguaje:italiano
Publicado: Bari : Cacucci Editore, 2012
Materias:
Acceso en línea:http://www.vlex.com/source/7272

MARC

LEADER 00000nam a22000007a 4500
005 20130226172901.0
007 cr|||| ||||
008 130226e2012 it |||||s|||| 00||0 ita d
020 |a 9788866112112 
035 |a 7272 
040 |a vLex 
041 |a vLex 
090 |c 3774  |d 3774 
100 1 0 |a Balaguer Callejn̤, Francisco 
245 1 3 |a La proiezione della Costituzione sull’ordinamento giuridico  |h [Recurso electrn̤ico] 
256 |a Servicio en ln̕ea 
260 |a Bari :  |b Cacucci Editore,   |c 2012  
300 |a 1 Recurso electrn̤ico 
650 0 4 |a Derecho constitucional  |z Italia 
740 |a vLex Libros (Servicio en ln̕ea)  
856 |a Acceso restringido  |u http://www.vlex.com/source/7272 
942 |c BOOK 
999 0 |a Constitutional law